| 000 | 01114nam a2200217 a 4500 | ||
|---|---|---|---|
| 008 | 120416s1993 ||||||||||||||||| || u | ||
| 020 | _a0750616466 | ||
| 050 | _aQD 132 Moo | ||
| 100 | _aMoore, John Jeremy | ||
| 245 | 1 | 0 | _aChemical metallurgy |
| 250 | _a2nd ed. | ||
| 260 |
_aOxford _bButterworth-Heinemann _c1993 |
||
| 300 | _axix, 435p. : ill | ||
| 350 | _a0.00 | ||
| 650 | 0 | _aCHEMISTRY--HANDBOOKS, MANUALS, ETC | |
| 650 | _aMETALLURGY | ||
| 995 |
_aMAIN LIBRARY OPEN ACCESS _D0.00 _e727544 _FCBU-MAIN LIBRARY (Kitwe) _H2 _I21.00 _jQD 132 Moo _M2 _UAVAILABLE _y025367 _ZMain Library Open Access Collection |
||
| 995 |
_aMAIN LIBRARY OPEN ACCESS _D0.00 _e727543 _FCBU-MAIN LIBRARY (Kitwe) _H1 _I21.00 _jQD 132 Moo _M1 _UAVAILABLE _y025355 _ZMain Library Open Access Collection |
||
| 995 |
_aANNEX COLLECTION (Main Library) _D0.00 _e730701 _FCBU-MAIN LIBRARY (Kitwe) _H1 _I0.00 _jQD 132 MOO _M4 _UAVAILABLE _WJun 19, 2006 _y027340 _ZAnnex Low-Usage Collection |
||
| 995 |
_aMAIN LIBRARY OPEN ACCESS _D0.00 _e730702 _FCBU-MAIN LIBRARY (Kitwe) _H1 _I0.00 _jQD 132 MOO _M3 _UAVAILABLE _WApr 25, 2006 _y027342 _ZMain Library Open Access Collection |
||
| 999 |
_c78179 _d78179 |
||